Vasco Núñez de Balboa : (Record no. 136085)

MARC details
000 -LEADER
campo de control de longitud fija 01107nam a2200265 i 4500
001 - NÚMERO DE CONTROL
campo de control 136085
003 - IDENTIFICADOR DE NÚMERO DE CONTROL
campo de control ES-MaACL
005 - FECHA Y HORA DE LA ÚLTIMA TRANSACCIÓN
campo de control 20260120110448.0
007 - CAMPO FIJO DE DESCRIPCIÓN FÍSICA--INFORMACIÓN GENERAL
campo de control de longitud fija t|
008 - DATOS DE LONGITUD FIJA--INFORMACIÓN GENERAL
campo de control de longitud fija 070214q1913 sp r ||||1| spa d
080 ## - NÚMERO DE LA CLASIFICACIÓN DECIMAL UNIVERSAL
Número de la Clasificación Decimal Universal 929 Núñez de Balboa, Vasco
080 ## - NÚMERO DE LA CLASIFICACIÓN DECIMAL UNIVERSAL
Número de la Clasificación Decimal Universal 910.4(265)"15"
100 1# - ENTRADA PRINCIPAL--NOMBRE DE PERSONA
Nombre de persona Ruiz de Obregón y Retortillo, Juan.
9 (RLIN) 100765
245 10 - MENCIÓN DEL TÍTULO
Título Vasco Núñez de Balboa :
Resto del título historia del descubrimiento del océano Pacífico, escrita con motivo del cuarto centenario de su fecha (1913) /
Mención de responsabilidad, etc. por Ángel Ruiz de Obregón y Retortillo.
260 ## - PUBLICACIÓN, DISTRIBUCIÓN, ETC.
Lugar de publicación, distribución, etc. Barcelona :
Nombre del editor, distribuidor, etc. Maucci,
Fecha de publicación, distribución, etc. [ca. 1913]
300 ## - DESCRIPCIÓN FÍSICA
Extensión 191 p. ;
Dimensiones 19 x 12 cm.
530 ## - NOTA DISPONIBLE DE FORMULARIO FÍSICO ADICIONAL
Nota de formato físico adicional disponible Disponible en formato digital.
600 14 - PUNTO DE ACCESO ADICIONAL DE MATERIA--NOMBRE DE PERSONA
Nombre de persona Núñez de Balboa, Vasco,
Fechas asociadas al nombre ca. 1475-1517
9 (RLIN) 86182
651 #4 - PUNTO DE ACCESO ADICIONAL DE MATERIA--NOMBRE GEOGRÁFICO
Nombre geográfico Pacífico-
Subdivisión general Descubrimientos y exploraciones-
-- Españoles.
9 (RLIN) 155865
651 #4 - PUNTO DE ACCESO ADICIONAL DE MATERIA--NOMBRE GEOGRÁFICO
Nombre geográfico Panamá-
Subdivisión general Historia-
Subdivisión cronológica 1501-1555, Descubrimiento y conquista.
9 (RLIN) 169486
852 4# - LOCALIZACIÓN
Ubicación ES-MaACL
Número de control de estantería G-3214
Ubicación en estantería Depósito 2
856 4# - LOCALIZACIÓN Y ACCESO ELECTRÓNICOS
Identificador Uniforme de Recursos <a href="http://bdh-rd.bne.es/viewer.vm?id=0000250491&page=1 ">http://bdh-rd.bne.es/viewer.vm?id=0000250491&page=1 </a>
Texto de enlace (Biblioteca Digital Hispánica)
942 ## - ELEMENTOS DE ENTRADA SECUNDARIOS (KOHA)
Fuente del sistema de clasificación o colocación Clasificación decimal universal
Holdings
Estatus retirado Estado de pérdida Estado de daño No para préstamo Colección Biblioteca de origen Biblioteca actual Ubicación en estantería Fecha de adquisición Fuente de adquisición Total de préstamos Signatura topográfica completa Código de barras Visto por última vez Precio de reemplazo Tipo de ítem Koha
        Colección digital Biblioteca del Ateneo de Madrid Biblioteca del Ateneo de Madrid Depósito 2 17/01/2008     G-3214 1141632 23/02/2023 23/02/2023 Libro impreso